Normal view
MARC view
- Administrative procedure
Entry Topical Term
001 - CONTROL NUMBER
- control field: 425
003 - CONTROL NUMBER IDENTIFIER
- control field: OSt
005 - DATE AND TIME OF LATEST TRANSACTION
- control field: 20170425103522.0
008 - FIXED-LENGTH DATA ELEMENTS
- fixed length control field: 170425|| aca||aabn | a|a d
040 ## - CATALOGING SOURCE
- Original cataloging agency: OSt
- Transcribing agency: OSt
150 ## - HEADING--TOPICAL TERM
- Topical term or geographic name entry element: Administrative procedure
- Geographic subdivision: Malaysia
670 ## - SOURCE DATA FOUND
- Source citation: Work cat.: (OSt)0: Malaysia 400, Perintah-perintah am [bab "A"-bab "G"] : Peraturan-peraturan lembaga tatatertib perkhidmatan awam ; Arahan perbendaharaan ; Panduan pengurusan pejabat ; Panduan perbendaharaan tatacara pengurusan stor ; Tatacara pengurusan aset alih kerajaan ; Akta acara kewangan ; Surat pekeliling : (semua pindaan hingga Jun, 2011) : buku panduan untuk peperiksaan am kerajaan /

PORTAL AKMAL
E-MEL JKDM
AKMAL2U
G-BAM
u-PUSTAKA